| 000 | 01035nam a22003257a 4500 | ||
|---|---|---|---|
| 003 | CHAP | ||
| 005 | 20220817041036.0 | ||
| 008 | 971013s1974 mx a r 00010 spa d | ||
| 010 | _a5186 | ||
| 011 | _a6158 | ||
| 035 | _a5378 | ||
| 040 | _cCHAP | ||
| 082 | 0 | 4 |
_a631 _bM5 1974 |
| 110 | 2 |
_aMéxico. Departamento de Asuntos Agrarios y Colonización _976899 |
|
| 245 | 1 | 0 |
_aAdministración rural : _bmanual técnico |
| 250 | _a2 ed. | ||
| 260 |
_aMéxico, D.F. : _bEl Departamento, _c1974 |
||
| 300 |
_a199 p. : _bgráfs., apénds. |
||
| 500 | _a56-133 | ||
| 590 |
_aBATCH-UPD _b10 _c20130110 _lUCH01 _h1929 |
||
| 590 |
_aBATCH-UPD _b10 _c20130410 _lUCH01 _h1253 |
||
| 590 |
_aBATCH-UPD _b10 _c20130914 _lUCH01 _h1145 |
||
| 590 |
_aCONVERSION _b10 _c20130109 _lUCH01 _h1304 |
||
| 650 | 1 | 4 |
_aAgricultura _xAspectos económicos. |
| 650 | 1 | 4 |
_aDesarrollo de la comunidad rural. _931995 |
| 650 | 1 | 4 |
_aEmpresas agropecuarias. _936649 |
| 901 | _aBK | ||
| 942 | _cLIBRO | ||
| 949 |
_a631 M5 1974 _bBC _cLIBRO _d33724000051017 _eLIBRO _h81317 _i5378 _si |
||
| 999 |
_c5186 _d5186 |
||